Представление документа в формате MARC21

ПолеНазваниеЗначение
  Тип записи a
  Библиографический уровень m
001 Контрольный номер RU\infra-m\znanium\bibl\2102674
005 Дата корректировки 20240827142103.8
008 Кодируемые данные 230918s2023 RU g rus u
020 Индекс ISBN __
a ISBN 978-5-16-019264-2
020 Индекс ISBN __
a ISBN 978-5-16-111965-5 (электр. издание)
040 Источник каталогиз. __
a Служба первич. каталог. Общество с ограниченной ответственностью «ЗНАНИУМ»
041 Код языка издания __
a Код языка текста rus
044 Код страны публикации __
a Код страны публикации RU
080 Индекс УДК __
a Индекс УДК 314(075.8)
084 Индекс другой классификации/Индекс ББК __
2 Источник индекса rubbk
a Индекс другой классификации/Индекс ББК 60.7я73
084 Индекс другой классификации/Индекс ББК __
2 Источник индекса okso
a Индекс другой классификации/Индекс ББК 38.03.01
084 Индекс другой классификации/Индекс ББК __
2 Источник индекса okso
a Индекс другой классификации/Индекс ББК 38.03.03
084 Индекс другой классификации/Индекс ББК __
2 Источник индекса okso
a Индекс другой классификации/Индекс ББК 38.03.04
084 Индекс другой классификации/Индекс ББК __
2 Источник индекса okso
a Индекс другой классификации/Индекс ББК 39.03.01
084 Индекс другой классификации/Индекс ББК __
2 Источник индекса okso
a Индекс другой классификации/Индекс ББК 39.03.02
100 Автор __
a Автор Косов П.И.
q Полное имя Косов Петр Иванович
245 Заглавие __
a Заглавие Основы демографии
b Продолж. заглавия Учебное пособие
250 Сведения об издании __
g перераб. и доп.
a Основные сведения об издании 2
260 Выходные данные __
a Место издания Москва
b Издательство ООО "Научно-издательский центр ИНФРА-М"
c Дата издания 2024
300 Физическое описание __
a Объем 288 с.
440 Серия __
a Серия Высшее образование
520 Аннотация __
a Аннотация Рассматриваются основные понятия демографии демографические характеристики коэффициенты и тенденции воспроизводства населения основные показатели численности и основных структур населения рождаемости смертности продолжительности жизни брачности и прекращения брака тенденций изменения состава семей миграций демографической и миграционной политики и др. Дается характеристика демографической и миграционной ситуации в России демографического прогнозирования. Содержится 46 таблиц и 20 приложений со статистическим материалом по России и зарубежным странам. Пособие предназначено для студентов изучающих курс «Демография» по таким направлениям подготовки как «Социальная работа» «Социология» «Государственное и муниципальное управление» для преподавателей и аспирантов а также для широкого круга специалистов и лиц интересующихся проблемами демографической и социальной политики социально-экономического реформирования региональной экономики.
521 Примеч. о цел. назн. __
a Примеч. о целев. назн. ВО - Бакалавриат
650 Тематические рубрики __
a Основная рубрика Демография. Статистика
x Основная подрубрика Демография
655 Указ. предметных рубрик (устаревшее) __
a Жанр/ форма (устаревшее) Учебное пособие
700 Другие авторы __
a Другие авторы Берендеева А.Б.
q Полное имя Берендеева Алла Борисовна
u Дополнение Ивановский государственный университет
856 Электронный адрес документа 4_
a Имя сервера/домена znanium.com
m Помощь ebs_support@infra-m.ru
n Местонахождение сервера НИЦ ИНФРА-М
u URL https://znanium.com/catalog/document?id=435082
856 Электронный адрес документа 48
a Имя сервера/домена znanium.com
d Путь /cover/2102
f Электронное имя 2102674.jpg
q Тип электронного формата image/jpeg
u URL https://znanium.com/cover/2102/2102674.jpg
911 __
u 0030=https://znanium.com/catalog/document?id=435082